000 00418nam a2200157Ia 4500
008 231217s9999 xx 000 0 und d
020 _a818404030X
041 _aEnglish
082 _a658.4093 LIM;1 R
100 _aLimoncelli, Thomas A
245 0 _aTime management for system administrators
250 _a1st ed.
260 _c2005
_bShroff
_aMumbai
650 _aTime,management,administrators
942 _cAA
999 _c178876
_d178876